| 000 | 00663nam a2200241Ia 4500 | ||
|---|---|---|---|
| 003 | OSt | ||
| 005 | 20220918210231.0 | ||
| 006 | a|||||r|||| 00| 0 | ||
| 007 | ta | ||
| 008 | 220917b |||||||| |||| 00| 0 eng d | ||
| 024 | _a119,680 | ||
| 037 | _cTextual | ||
| 040 |
_aARTS _cARTS _beng |
||
| 041 |
_2eng _aeng |
||
| 082 | _aV73:24:N7, L2 | ||
| 100 |
_aSaloma John S _9117514 |
||
| 245 | 0 |
_aParties _b the real opportunity for effective citizen politics |
|
| 260 | _c1972 | ||
| 650 | _aHISTORY | ||
| 700 |
_a Sontag Frederick H _9117515 |
||
| 942 |
_hV73:24:N7, L2 _cTEXL _2CC |
||
| 999 |
_c242940 _d242940 |
||